| 000 | 00733nam a2200301Ia 4500 | ||
|---|---|---|---|
| 003 | OSt | ||
| 005 | 20140320101032.0 | ||
| 008 | 140130s9999 xx 000 0 und d | ||
| 020 | _a059010294X | ||
| 050 |
_aPZ 8.1 _b.Aa213Wh 1975 |
||
| 100 | _aAardema. Verna. | ||
| 245 |
_cVerna Aadema. _aWhy mosquitoes buzz in people's ears / |
||
| 260 |
_bScholastic Inc., _aUSA : _cc1975. |
||
| 300 |
_a30 p. : _bcol. ill. ; _c21 cm. |
||
| 440 | _v1 | ||
| 521 | _aG5 | ||
| 526 | _c770 | ||
| 650 |
_aFolklore _xAfrica, West. |
||
| 650 |
_aAnimals _xFolklore. |
||
| 942 |
_cBK _2lcc |
||
| 999 |
_c42272 _d42272 |
||